Úprava vzájomných vzťahov v holdingu predsa existuje Čiastkový výklad k postaveniu skupín podnikov podalo ministerstvo financií

Čiastočné legislatívne riešenie postavenia holdingov na Slovensku Ministerstvom financií SR. V Opatrení č.10 z 22.12.1993 (Finančný spravodajca 1994, č.2) reagovalo podrobným výkladom na ustanovenie paragrafu 22 zákona č.563/1991 Zb. o účtovníctve, ktoré sa týka zostavenia konsolidovaných účtových r...

Descripción completa

Guardado en:
Detalles Bibliográficos
Autor principal: Hrnčiřík, D.
Formato: Capítulo de libro
Lenguaje:eslovaco
Materias:
Etiquetas: Agregar Etiqueta
Sin Etiquetas, Sea el primero en etiquetar este registro!

MARC

LEADER 00000naa a2200000 4500
001 r015110
005 20221205091407.1
041 0 |a slo 
044 |a SK 
245 1 0 |a Úprava vzájomných vzťahov v holdingu predsa existuje  |b Čiastkový výklad k postaveniu skupín podnikov podalo ministerstvo financií  |c D. Hrnčiřík 
520 |a Čiastočné legislatívne riešenie postavenia holdingov na Slovensku Ministerstvom financií SR. V Opatrení č.10 z 22.12.1993 (Finančný spravodajca 1994, č.2) reagovalo podrobným výkladom na ustanovenie paragrafu 22 zákona č.563/1991 Zb. o účtovníctve, ktoré sa týka zostavenia konsolidovaných účtových ročných závierok. Definovanie skupiny podnikov. Ako využiť výklad. Čo so spoločnými podnikmi. Zmluvné zabezpečenie rozhodujúceho vplyvu, aj keď spoločnosť nie je vlastníkom kontrolného balíka akcií. 
610 2 0 |a spoločnosti holdingové 
610 2 0 |a spoločnosti materské 
610 2 0 |a spoločnosti dcérske 
610 2 0 |a zákony 
610 2 0 |a Slovensko 
610 2 0 |a 1993 
610 2 0 |a závierka účtovná konsolidovaná 
100 1 |a Hrnčiřík, D.